000 01090nac a22003857a 4500
001 BR9211025
003 BR-BrBNA
005 20240105121303.0
008 230509b bl.|||m| |||| 00| 0 por d
040 _aBR-BrBNA
_bpor
_cBiblioteca Nacional de Agricultura
072 _aF30
090 _aF30 BR9211025
100 1 _aPopinigis, F.
110 1 _aEmpresa Brasileira de Pesquisa Agropecuaria, Brasilia, DF (Brasil). Depto. de Difusao de Tecnologia
_93839
245 1 _aNovas cultivares - ano 13/14
260 3 _aBrasilia, DF (Brasil):
_c1985.
300 _a168 p.
490 _aDocumentos - Empresa Brasileira de Pesquisa Agropecuaria. Depto. de Difusao de Tecnologia (Brazil)
_vno. 14
_x
650 _aAbacaxi
650 _aAbobora
650 _aAlgodao
650 _aArroz
650 _aBatata
650 _aCebola
650 _aFeijao
650 _aMaca
650 _aMandioca
650 _aMilho
650 _aSoja
650 _aUva
650 _aTrigo
650 _aVariedade
909 _a202312
_bLúcia Elande
_c55
_dLúcia Elande
942 _2AGRIS
_n0
_cMS
999 _c284427
_d284427